000 00925nam a22002657a 4500
003 DO-SdBNP
005 20230516122507.0
008 180202b 2011 dr||| 00| 0 spa d
020 _a9789945878004
040 _aBPMSU
_bspa
_cBPMSU
082 4 _a808.882
_bD249o 2011
_222
100 1 _aDavid, León
_c
245 1 0 _aOxidente :
_bacerca de la extinción del espíritu en la era de la posmodernidad /
_cLeón David
260 _aSanto Domingo :
_bGrupo Santillana;
_bTaurus,
_c2011.
300 _a163 p. ;
_c22 cm.
490 1 _aPensamiento
500 _aIncluye datos biográficos del autor en la solapa de la cubierta
590 _aInventariado, 2023/VM
650 4 _aFilosofía
_vCitas, máximas, etc.
650 4 _aAforismos y apotegmas
_xAspectos filosóficos
650 4 _aAforismos y apotegmas
_xHistoria y crítica
830 0 _aPensamiento
910 _aVMateo V. Control de calidad (BPMSU)
942 _2ddc
_cBK
999 _c13252
_d13252